| 000 | 00465nam a2200193Ia 4500 | ||
|---|---|---|---|
| 008 | 170918s9999 xx 000 0 und d | ||
| 020 | _a9780440409410 | ||
| 050 | _bW791 1981 | ||
| 100 | _aWinthrop, Elizabeth | ||
| 245 | 4 | _aThe castle in the attic / | |
| 245 | _cElizabeth Winthrop. | ||
| 260 | _aNew York : | ||
| 260 | _bScholastic, | ||
| 260 | _c1981 | ||
| 300 | _a179 pages : | ||
| 300 | _bcolored illustration ; | ||
| 300 | _c19cm. | ||
| 500 | _a750 | ||
| 999 |
_c342254 _d342254 |
||